000 00345nam a22001337a 4500
008 250320b |||||||| |||| 00| 0 eng d
020 _a0139698248
050 _aPE1408
_b.K45
100 _aKELSCH, Lynn Mary
245 _aWriting Effectively: A Practical Guide
260 _aNew Jersey
_bPrentice-Hall
_c1981
300 _axi, 163p.
942 _cBK
999 _c2505
_d2505